00526nam a2200133Ia 4500008004100000020002200041100002100063245009200084260004300176300001300219500003000232650006200262650006800324200619s9999 xx 000 0 und d a978-0-7343-9946-5 aCartledge, Simon cSimon Cartledge.--aA system apart:bHong Kong's political economy fro 1997 until now / aHong Kong:bPenguin Random Housec2017 a76 pages aIncludes acknowledgements aHong Kong (China) -- Economic conditions -- 21st century. aHong Kong (China) -- Politics and government -- 21st century.